| 000 | 01174nam a22002897a 4500 | ||
|---|---|---|---|
| 001 | 465 | ||
| 003 | BR-IBIA | ||
| 005 | 20250901085446.0 | ||
| 008 | 250901b |||||||| |||| 00| 0 eng d | ||
| 020 | _a8532905285 | ||
| 040 | _bpor | ||
| 041 | _hpor | ||
| 082 |
_a028.5 _bA447m |
||
| 100 | 1 |
_aAlmeida, Hugo _91000 |
|
| 245 |
_aMinha estréia no crime: _bEstação 111 / _c Almeida, Hugo ; Ilustrado por Virgilio Velozo |
||
| 260 |
_aBelo Horizonte _bEditora Lê _c1997 |
||
| 300 |
_a167p. _bil. |
||
| 520 | _aHouve uma grande rebelião de presos na Casa de Detenção do Carandiru, na cidade de São Paulo. A polícia invadiu o presídio para debelar a crise, e aconteceu uma chacina: 111 presos mortos. Iraí, artista tetraplégica, que pintava movendo os pincéis com a boca, retratou a cena, considerada um massacre. Tempos depois, policiais e ladrões tentaram destruir o quadro de Iraí. | ||
| 650 | 0 |
_aLiteratura Brasileira _9205 |
|
| 650 | 0 |
_aInfantojuvenil _9200 |
|
| 650 | 0 |
_aAventura _947 |
|
| 655 | 0 |
_aRomance _923 |
|
| 655 | 0 |
_aFicção _922 |
|
| 700 |
_aVirgílio Velozo _eIlustrador _91002 |
||
| 830 |
_aO creme do crime _91001 |
||
| 942 |
_2ddc _cBK _n0 |
||
| 999 |
_c465 _d465 |
||